Laser advances and applications

Enregistré dans:
Détails bibliographiques
Auteur principal: Wherrett, B. S.
Format: Livre
Langue:Undetermined
Publié: Chichester John Wiley & Sons Ltd 1980
Sujets:
Tags: Ajouter un tag
Pas de tags, Soyez le premier à ajouter un tag!
Thư viện lưu trữ: Trung tâm Học liệu Trường Đại học Cần Thơ
LEADER 00490nam a2200181Ia 4500
001 CTU_82987
008 210402s9999 xx 000 0 und d
082 |a 535.5 
082 |b W556 
100 |a Wherrett, B. S. 
245 0 |a Laser advances and applications 
245 0 |c B. S. Wherrett 
260 |a Chichester 
260 |b John Wiley & Sons Ltd 
260 |c 1980 
650 |a Laser spectroscopy 
904 |i QHieu(sửa) 
980 |a Trung tâm Học liệu Trường Đại học Cần Thơ